[Event "Martinique-ch 34th"]
[Site "Le Lamentin"]
[Date "2018.05.10"]
[Round "5"]
[White "Milton, Cedric"]
[Black "Alcindor, Samuel"]
[Result "1-0"]
[WhiteElo "1660"]
[BlackElo "1664"]
[PlyCount "141"]
[EventDate "2018.05.05"]
[EventType "tourn"]
[EventRounds "11"]
[EventCountry "MFR"]
[SourceTitle "CBM 184 Extra"]
[Source "ChessBase"]
[SourceDate "2018.06.28"]
[SourceVersion "1"]
[SourceVersionDate "2018.06.28"]
[SourceQuality "1"]

1. e4 c5 2. d4 Nc6 3. Nf3 cxd4 4. Nxd4 Nf6 5. Nc3 a6 6. a4 g6 7. Be3 Bg7 8. Be2 0-0 9. 0-0 d6 10. h3 Bd7 11. Qd2 Rb8 12. Rfb1 Qa5 13. Bd3 Nxd4 14. Bxd4 Qh5 15. Be2 Qh4 16. Qe3 Bc6 17. Bf3 Bh6 18. Qd3 Nh5 19. Bxh5 Qxh5 20. Bb6 Bf4 21. Nd5 Bxd5 22. exd5 Be5 23. Ra2 Rbc8 24. c4 Qh4 25. b3 Qf4 26. g3 Qh6 27. Kg2 f5 28. f4 Bf6 29. Re1 Qg7 30. Re6 g5 31. Be3 gxf4 32. Bxf4 Bg5 33. Rf2 Bxf4 34. Rxf4 Qb2+ 35. Rf2 Qc1 36. Rxe7 Qg5 37. Qe2 f4 38. Qe6+ Kh8 39. Rxf4 Rcd8 40. Qe4 Qh6 41. Qe6 Qg5 42. Ref7 Rg8 43. Qf6+ Rg7 44. Rf8+ Rxf8 45. Qxg5 Rxg5 46. Rxf8+ Kg7 47. Rb8 Re5 48. Rxb7+ Kg8 49. Rb6 Re3 50. Rxd6 Rxb3 51. Rxa6 Rb4 52. d6 Kf7 53. c5 Rd4 54. Kf3 Rd5 55. Ra5 Ke6 56. Rb5 Rd3+ 57. Kf4 Rd4+ 58. Ke3 Rxa4 59. Rb3 Rc4 60. Rb5 Rc3+ 61. Kf4 Rc4+ 62. Kg5 Rc3 63. Kh4 Kd7 64. Rb7+ Kc6 65. Rc7+ Kb5 66. d7 Rd3 67. c6 Rd4+ 68. g4 Kb6 69. Rc8 Rd6 70. d8Q+ Rxd8 71. Rxd8 1-0

[Event "Martinique-ch 34th"]
[Site "Le Lamentin"]
[Date "2018.05.05"]
[Round "1"]
[White "Grange, Julien2"]
[Black "Milton, Cedric"]
[Result "1/2-1/2"]
[WhiteElo "1854"]
[BlackElo "1660"]
[PlyCount "69"]
[EventDate "2018.05.05"]
[EventType "tourn"]
[EventRounds "11"]
[EventCountry "MFR"]
[SourceTitle "CBM 184 Extra"]
[Source "ChessBase"]
[SourceDate "2018.06.28"]
[SourceVersion "1"]
[SourceVersionDate "2018.06.28"]
[SourceQuality "1"]

1. c4 Nf6 2. g3 c6 3. Bg2 d5 4. d4 e6 5. Nf3 Bd6 6. Qc2 Nbd7 7. 0-0 h6 8. Nbd2 0-0 9. Rd1 Qa5 10. a3 Qc7 11. b4 a6 12. Bb2 b5 13. e4 dxe4 14. Nxe4 Nxe4 15. Qxe4 Bb7 16. c5 Be7 17. Ne5 Nf6 18. Qe2 Nd5 19. Be4 a5 20. Bc2 axb4 21. Qd3 f5 22. Bb3 bxa3 23. Bxd5 exd5 24. Rxa3 Rxa3 25. Qxa3 Bf6 26. Ng6 Ra8 27. Qf3 Ra2 28. Bc1 Bc8 29. h4 Qf7 30. h5 Qe8 31. Qe3 Qe4 32. Re1 Kf7 33. Qc3 Qxd4 34. Re7+ Kg8 35. Re8+ 1/2-1/2